Conquering the Spanish verb system : the yo connection /

Bibliographic Details
Main Author: Minguez, Nancy T.
Format: Book
Language:Spanish
Published: [Hoboken, N.J.] : Wiley Custom Services, [2010]
Edition:2nd ed.
Subjects:

MARC

Tag First Indicator Second Indicator Subfields
LEADER 00000cam a2200000Ia 4500
001 in00002467207
005 20151111041701.0
008 090326s2010 nju 000 0 spa d
020 |a 9780470474389 
020 |a 0470474386 
035 |a (OCoLC)ocn317456495 
035 |a (OCoLC)317456495 
040 |a BTCTA  |c BTCTA  |d YDXCP  |d VOD  |d TXA  |d UtOrBLW 
049 |a TXAM 
050 1 4 |a PC4271  |b .M56 2010 
100 1 |a Minguez, Nancy T. 
245 1 0 |a Conquering the Spanish verb system :  |b the yo connection /  |c Nancy T. Mínguez. 
250 |a 2nd ed. 
264 1 |a [Hoboken, N.J.] :  |b Wiley Custom Services,  |c [2010] 
264 4 |c ©2010 
300 |a 143 pages ;  |c 28 cm. 
336 |a text  |b txt  |2 rdacontent 
337 |a unmediated  |b n  |2 rdamedia 
338 |a volume  |b nc  |2 rdacarrier 
500 |a "A revolutionary new way to learn and teach the Spanish verb system."--Cover. 
650 0 |a Spanish language  |x Verb. 
650 0 |a Spanish language  |x Grammar. 
650 0 |a Spanish language  |v Self-instruction. 
650 0 |a Spanish language  |v Textbooks for foreign speakers  |x English. 
938 |a Baker and Taylor  |b BTCP  |n BK0008257234 
938 |a YBP Library Services  |b YANK  |n 2985349 
945 |a PromptCat  |b 744145 
946 |a stk 
947 |a A14839915611 
994 |a C0  |b TXA 
948 |a cataloged  |b h  |c 2009/11/12  |d c  |e nbehmer  |f 12:01:13 pm 
999 |a MARS 
999 f f |s 2f6c3057-e381-3ab6-b2c5-0a517a86d83e  |i ff786565-807e-3f0d-9255-b4a67c4bdb27  |t 0 
952 f f |p normal  |a Texas A&M University  |b College Station  |c Sterling C. Evans Library  |d Evans: Library Stacks  |t 0  |e PC4271 .M56 2010  |h Library of Congress classification  |i unmediated -- volume  |m A14839915611 
998 f f |a PC4271 .M56 2010  |t 0  |l Evans: Library Stacks